| 000 | 01461nam a2200337 a 4500 | ||
|---|---|---|---|
| 001 | ebr10645210 | ||
| 003 | CaPaEBR | ||
| 006 | m u | ||
| 007 | cr cn||||||||| | ||
| 008 | 130124s2013 njua s 001 0 eng d | ||
| 010 | _z 2012954759 | ||
| 020 | _z9781118510124 (pbk.) | ||
| 020 | _z9781118550120 (e-book) | ||
| 040 |
_aCaPaEBR _cCaPaEBR |
||
| 035 | _a(OCoLC)828736997 | ||
| 050 | 1 | 4 |
_aHF5548.4.M523 _bH37 2013eb |
| 100 | 1 | _aHarvey, Greg. | |
| 245 | 1 | 0 |
_aExcel 2013 for dummies _h[electronic resource] / _cby Greg Harvey. |
| 246 | 1 | 4 | _aMicrosoft Excel 2013 for dummies |
| 260 |
_aHoboken, N.J. : _bJohn Wiley & Sons, Inc., _c2013. |
||
| 300 |
_axii, 394 p. : _bill. |
||
| 500 | _aIncludes index. | ||
| 505 | 0 | _apt. I. Getting started with Excel 2013 -- pt. II. Editing without tears -- pt. III. Getting organized and staying that way -- pt. IV. Digging data analysis -- pt. V. Life beyond the spreadsheet -- pt. VI. The part of tens. | |
| 533 |
_aElectronic reproduction. _bPalo Alto, Calif. : _cebrary, _d2013. _nAvailable via World Wide Web. _nAccess may be limited to ebrary affiliated libraries. |
||
| 630 | 0 | 0 | _aMicrosoft Excel (Computer file) |
| 650 | 0 | _aElectronic spreadsheets. | |
| 650 | 0 |
_aBusiness _xComputer programs. |
|
| 655 | 7 |
_aElectronic books. _2local |
|
| 710 | 2 | _aebrary, Inc. | |
| 856 | 4 | 0 |
_uhttp://site.ebrary.com/lib/rucke/Doc?id=10645210 _zAn electronic book accessible through the World Wide Web; click to view |
| 999 |
_c29966 _d29966 |
||